ARRUPE JESUIT UNIVERSITY

CORONAVIRUS -STOP THE SPREAD - CLEAN,DISINFECT,COVER

Kant's aesthetic theory : (Record no. 124138)

MARC details
000 -LEADER
fixed length control field 01060cam a22003014a 4500
001 - CONTROL NUMBER
control field 2124046
003 - CONTROL NUMBER IDENTIFIER
control field ARRUPE
005 - DATE AND TIME OF LATEST TRANSACTION
control field 20160210103004.0
008 - FIXED-LENGTH DATA ELEMENTS--GENERAL INFORMATION
fixed length control field 970304s1997 nyu b 001 0 eng
010 ## - LIBRARY OF CONGRESS CONTROL NUMBER
LC control number 97012039
020 ## - INTERNATIONAL STANDARD BOOK NUMBER
International Standard Book Number 0312121644 (pbk.)
040 ## - CATALOGING SOURCE
Original cataloging agency DLC
Transcribing agency DLC
Modifying agency DLC
042 ## - AUTHENTICATION CODE
Authentication code pcc
050 00 - LIBRARY OF CONGRESS CALL NUMBER
Classification number B2799.A4
Item number K46 1997
082 00 - DEWEY DECIMAL CLASSIFICATION NUMBER
Classification number 111/.85/092
Edition number 21
300 ## - PHYSICAL DESCRIPTION
Dimensions 22 cm.
100 1# - MAIN ENTRY--PERSONAL NAME
Personal name Kemal, Salim.
9 (RLIN) 22197
245 10 - TITLE STATEMENT
Title Kant's aesthetic theory :
Remainder of title an introduction /
Statement of responsibility, etc Salim Kemal.
250 ## - EDITION STATEMENT
Edition statement 2nd ed.
260 ## - PUBLICATION, DISTRIBUTION, ETC. (IMPRINT)
Place of publication, distribution, etc New York :
Name of publisher, distributor, etc St. Martin's Press,
Date of publication, distribution, etc 1997.
300 ## - PHYSICAL DESCRIPTION
Extent xi, 197 p. ;
504 ## - BIBLIOGRAPHY, ETC. NOTE
Bibliography, etc Includes bibliographical references (p. 170-193) and index.
600 10 - SUBJECT ADDED ENTRY--PERSONAL NAME
Personal name Kant, Immanuel,
Dates associated with a name 1724-1804
General subdivision Aesthetics.
9 (RLIN) 21063
650 #0 - SUBJECT ADDED ENTRY--TOPICAL TERM
Topical term or geographic name as entry element Aesthetics, Modern
Chronological subdivision 18th century.
9 (RLIN) 22198
906 ## - LOCAL DATA ELEMENT F, LDF (RLIN)
a 7
b cbc
c orignew
d 1
e ocip
f 19
g y-gencatlg
942 ## - ADDED ENTRY ELEMENTS (KOHA)
Source of classification or shelving scheme Library of Congress Classification
Koha item type Monograph ( Printed materials)
Holdings
Withdrawn status Lost status Source of classification or shelving scheme Damaged status Not for loan Collection code Home library Current library Shelving location Date acquired Total Checkouts Full call number Barcode Date last seen Price effective from Koha item type
    Library of Congress Classification     Main Collection ARRUPE LIBRARY ARRUPE LIBRARY Main Collection 10/02/2016   B2799.A4K46 1997 46500006834 10/02/2016 10/02/2016 Monograph ( Printed materials)

 

Arrupe Library. PO Box MP320 Mt Pleasant, Harare, Zimbabwe
263 242 745411|librarian@aju.ac.zw